| 000 | 00671nam a2200193 i 4500 | ||
|---|---|---|---|
| 001 | 74212 | ||
| 003 | ES-MaACL | ||
| 005 | 20250727091310.0 | ||
| 007 | t| | ||
| 008 | 040916s1943 sp ||||1| spa d | ||
| 100 | 1 |
_aPosada, Carlos G. ( _d1890-1948) _993318 |
|
| 245 | 1 | 4 |
_aLos seguros sociales obligatorios en España / _cCarlos González Posada. |
| 260 |
_aMadrid : _bRevista de Derecho Privado, _c[1943] ( _fImp. Galo Sèz) |
||
| 300 |
_aXVI, 282 p. ; _c23 cm. |
||
| 490 | 1 | _aMonografías prácticas de derecho español | |
| 830 | 0 | 0 |
_aMonografías prácticas de derecho español _9181279 |
| 852 |
_aES-MaACL _jF-15651 _bR.19945 |
||
| 999 |
_c74212 _d74212 |
||